01878nam a2200373 i 450000100060000000300090000600500170001500700030003200800410003502000180007608000310009408000300012508000300015524502360018526000780042130000530049950400320055260000630058465000530064765500480070070000370074870000390078571000410082485200220086585200220088785200390090985200390094894200080098799900170099595201220101295201220113495201240125695201240138077812ES-MaACL20260201162748.0t|041110s2004 sp ||||1| spa d a84-8181-201-3 a902 Cabré, Juan (060.64) a903(460)(084.12)(084.823) a904(460)(084.12)(084.823)03aEl arqueólogo Juan Cabré (1882-1947) : bla fotografía como técnica documental : Museo de San Isidro, del 24 de junio al 31 de octubre de 2004 / cedición al cuidado de Juan Blánquez Pérez y Belén Rodríguez Nuere. aMadrid : bMinisterio de Cultura, Secretaría General Técnica, c2004. a423 p. : bil. col. y n. ; c29 cm + e1 CD-ROM. aBibliografía: p. 395-423.14aCabré Aguiló, Juan, d1882-1947- vExposiciones933259 aExcavaciones arqueológicas-zEspaña.9152471 72tgfbne9193628aCatálogos de exposiciones1 aBlánquez Pérez, Juan.9293301 aRodríguez Nuere, Belén.9987012 aMuseo de San Isidro (Madrid)9172710 aES-MaACLjL-28409 aES-MaACLjL-28599 aES-MaACLjROT 2/2/18 z- CD-ROM aES-MaACLjROT 2/2/19 z- CD-ROM 2udc c77812d77812 00104070aATENEOMbATENEOMcDEPO2d2008-01-17eSCl0oL-28409p1081404r2023-02-23 00:00:00w2023-02-23yMONOGRAFIA 00104070aATENEOMbATENEOMcDEPO2d2008-01-17eSCl0oL-28599p1081405r2023-02-23 00:00:00w2023-02-23yMONOGRAFIA 00104070aATENEOMbATENEOMcDEPOd2008-01-17eSCl0oROT 2/2/18p1081406r2023-02-23 00:00:00w2023-02-23yMONOGRAFIA 00104070aATENEOMbATENEOMcDEPOd2008-01-17eSCl0oROT 2/2/19p1081407r2023-02-23 00:00:00w2023-02-23yMONOGRAFIA